[Event "25th European Teams Women"]
[Site "Batumi GEO"]
[Date "2025.10.13"]
[Round "8.11"]
[Board "2"]
[White "Olde, Margareth"]
[Black "Rodshtein, Tereza"]
[Result "1-0"]
[WhiteTitle "WIM"]
[BlackTitle "WGM"]
[WhiteElo "2187"]
[BlackElo "2219"]
[WhiteTeam "Estonia"]
[BlackTeam "Czech Republic"]
[WhiteFideId "4503082"]
[BlackFideId "325449"]
[EventDate "2025.10.05"]

1. d4 d5 2. c4 c6 3. e3 Nf6 4. Qc2 e6 5. b3 Ne4 6. Nf3 Nd7 7. Bd3 f5 8. O-O Qf6
9. Ba3 Bxa3 10. Nxa3 O-O 11. b4 Qe7 12. Qb2 a6 13. Ne5 Nxe5 14. dxe5 a5 15. b5
c5 16. Rad1 Ng5 17. f4 Nf7 18. Be2 b6 19. Bf3 Bb7 20. cxd5 exd5 21. Bxd5 Rfd8
22. Bxb7 Qxb7 23. Qc2 g6 24. Nc4 Qc7 25. Rf2 Rxd1+ 26. Qxd1 Rd8 27. Rd2 Rxd2 28.
Qxd2 Kf8 29. Qd5 Ke7 30. a4 Nd8 31. Qg8 1-0

[Event "25th European Teams Women"]
[Site "Batumi GEO"]
[Date "2025.10.13"]
[Round "8.11"]
[Board "3"]
[White "Worek, Joanna"]
[Black "Blokhin, Sofia"]
[Result "1-0"]
[WhiteTitle "WGM"]
[BlackTitle "WFM"]
[WhiteElo "2209"]
[BlackElo "2071"]
[WhiteTeam "Czech Republic"]
[BlackTeam "Estonia"]
[WhiteFideId "1118080"]
[BlackFideId "4508190"]
[EventDate "2025.10.05"]

1. e4 d5 2. exd5 Qxd5 3. Nc3 Qd6 4. d4 Nf6 5. Nf3 a6 6. g3 b5 7. Bf4 Qb6 8. Bg2
e6 9. O-O Bd6 10. Bg5 Be7 11. d5 c5 12. dxc6 O-O 13. Ne5 Qc7 14. Qe2 h6 15. Bf4
Bd6 16. Rad1 b4 17. Rxd6 bxc3 18. Nc4 e5 19. Qxe5 Be6 20. Rxe6 Qc8 21. Rxf6 gxf6
22. Qxf6 Re8 23. Nd6 Qe6 24. Nxe8 1-0

[Event "25th European Teams Women"]
[Site "Batumi GEO"]
[Date "2025.10.13"]
[Round "8.11"]
[Board "4"]
[White "Olde, Grete"]
[Black "Lhotska, Anna"]
[Result "0-1"]
[WhiteTitle "WCM"]
[BlackTitle "WFM"]
[WhiteElo "1972"]
[BlackElo "2165"]
[WhiteTeam "Estonia"]
[BlackTeam "Czech Republic"]
[WhiteFideId "4503104"]
[BlackFideId "376183"]
[EventDate "2025.10.05"]

1. e4 c5 2. Nf3 d6 3. Bb5+ Bd7 4. Bxd7+ Qxd7 5. c4 Nf6 6. Nc3 Nc6 7. d4 cxd4 8.
Nxd4 e6 9. O-O Be7 10. Bg5 O-O 11. Bh4 Nxe4 12. Nxe4 Bxh4 13. Nb5 Rad8 14. Qh5
Qe7 15. Rad1 d5 16. cxd5 exd5 17. Ng3 Bxg3 18. hxg3 d4 19. Rfe1 Qf6 20. Re4 Rd7
21. Qg4 Rd5 22. a4 h6 23. Rf4 Qg5 24. Qf3 Rfd8 25. Rxf7 Rxb5 26. axb5 Ne5 27.
Qxb7 Nxf7 28. Qxa7 Qd5 29. b6 Rd7 30. Qb8+ Kh7 31. Qf4 d3 32. Qe3 Ne5 33. Qf4
Nc4 34. b3 Nxb6 35. g4 Qxb3 36. Rd2 Qd5 37. g5 Qxg5 38. Qb4 Nc4 39. Qxc4 Qxd2
40. Qe4+ g6 0-1

[Event "25th European Teams Women"]
[Site "Batumi GEO"]
[Date "2025.10.13"]
[Round "8.12"]
[Board "1"]
[White "Repkova, Eva"]
[Black "Injac, Teodora"]
[Result "0-1"]
[WhiteTitle "IM"]
[BlackTitle "IM"]
[WhiteElo "2332"]
[BlackElo "2436"]
[WhiteTeam "Slovakia"]
[BlackTeam "Serbia"]
[WhiteFideId "14900440"]
[BlackFideId "932400"]
[EventDate "2025.10.05"]

1. e4 c5 2. Nf3 Nc6 3. Bb5 Qc7 4. O-O a6 5. Bxc6 dxc6 6. d4 cxd4 7. Qxd4 c5 8.
Qe5 Qxe5 9. Nxe5 Nf6 10. f3 Be6 11. Be3 Rc8 12. Nc3 Nd7 13. Nxd7 Bxd7 14. Nd5
Rc6 15. a4 e6 16. Rfe1 exd5 17. exd5 Rf6 18. Bg5+ Kd8 19. Bxf6+ gxf6 20. Re4 Bd6
21. g3 Bf5 22. Re2 h5 23. a5 c4 24. Kh1 Kd7 25. Ra4 Rc8 26. Kg2 Rc5 27. Rb4 Kc7
28. h3 Bd7 29. b3 cxb3 30. cxb3 Rxd5 31. Rc4+ Bc6 32. b4 Kd7 33. Rh4 Rg5 34. g4
hxg4 35. hxg4 Bxb4 36. Rh7 Rxg4+ 37. Kh3 Rf4 38. Rxf7+ Kd6 39. Re3 Bc5 40. Rd3+
Ke6 41. Rc7 Bd6 42. Re3+ 0-1

[Event "25th European Teams Women"]
[Site "Batumi GEO"]
[Date "2025.10.13"]
[Round "8.12"]
[Board "2"]
[White "Pogorelskikh, Sofia"]
[Black "Nadzamova, Viktoria"]
[Result "1/2-1/2"]
[WhiteTitle "WIM"]
[BlackTitle "WFM"]
[WhiteElo "2289"]
[BlackElo "2126"]
[WhiteTeam "Serbia"]
[BlackTeam "Slovakia"]
[WhiteFideId "44164548"]
[BlackFideId "14943999"]
[EventDate "2025.10.05"]

1. e4 c5 2. Nf3 Nc6 3. Bb5 e6 4. O-O Nge7 5. Re1 a6 6. Bf1 d5 7. exd5 Nxd5 8. d4
Nf6 9. Be3 cxd4 10. Nxd4 Bd7 11. c4 Be7 12. Nc3 O-O 13. Rc1 Nxd4 14. Qxd4 Bc6
15. a3 Qxd4 16. Bxd4 Rfd8 17. Bb6 Rd2 18. b4 h6 19. Be3 Rdd8 20. f3 g5 21. Kf2
Kg7 22. Red1 Bd6 23. h3 Be5 24. Rxd8 Rxd8 25. b5 axb5 26. cxb5 Be8 27. Be2 Nd5
28. Nxd5 exd5 29. Bd3 d4 30. Bd2 b6 31. a4 Ra8 32. Ra1 Bc7 33. Rc1 Be5 34. Ra1
Bc7 35. Rc1 1/2-1/2

[Event "25th European Teams Women"]
[Site "Batumi GEO"]
[Date "2025.10.13"]
[Round "8.12"]
[Board "3"]
[White "Bochnickova, Simona"]
[Black "Velikic, Adela"]
[Result "0-1"]
[WhiteTitle "WFM"]
[BlackTitle "WIM"]
[WhiteElo "2102"]
[BlackElo "2261"]
[WhiteTeam "Slovakia"]
[BlackTeam "Serbia"]
[WhiteFideId "14958562"]
[BlackFideId "913553"]
[EventDate "2025.10.05"]

1. e4 c5 2. Nf3 Nc6 3. Nc3 g6 4. d4 cxd4 5. Nxd4 Bg7 6. Be3 Nf6 7. Nxc6 bxc6 8.
e5 Ng8 9. f4 f6 10. Bc4 fxe5 11. Qf3 e4 12. Nxe4 d5 13. Ng5 Bxb2 14. Rb1 Bc3+
15. Kf1 Nf6 16. Bc5 Ba5 17. Bd3 Bb6 18. Nxh7 Rxh7 19. Bxg6+ Rf7 20. Bxb6 axb6
21. f5 Qd6 22. Qg3 Ne4 23. Qxd6 Nxd6 24. g4 Rxa2 25. Rc1 e6 26. f6 Ne4 27. Bxe4
Rxf6+ 28. Ke2 dxe4 29. g5 Rf3 30. h4 Ba6+ 31. Ke1 Ra5 32. g6 Re3+ 33. Kf2 Rf3+
34. Ke1 e3 35. Rg1 Kf8 36. Rd1 Rd5 37. g7+ Kg8 38. Ra1 Bb7 39. Ra4 Rf7 40. Rag4
Rdd7 41. Rb4 b5 42. Re4 Rde7 43. Rg6 Bc8 44. Rg3 Rxg7 45. Rgxe3 Rg2 46. c4 Ra7
47. Kf1 Rc2 48. Rd3 Bd7 49. Rg4+ Kh7 50. Rgd4 Be8 51. cxb5 cxb5 52. Rd1 Bc6 53.
Re1 Rf7+ 54. Kg1 Rg2+ 0-1

[Event "25th European Teams Women"]
[Site "Batumi GEO"]
[Date "2025.10.13"]
[Round "8.12"]
[Board "4"]
[White "Mehmed, Elif"]
[Black "Sevcikova, Lucia"]
[Result "1-0"]
[WhiteTitle "WGM"]
[BlackTitle "WFM"]
[WhiteElo "2295"]
[BlackElo "2116"]
[WhiteTeam "Serbia"]
[BlackTeam "Slovakia"]
[WhiteFideId "2921103"]
[BlackFideId "14940744"]
[EventDate "2025.10.05"]

1. e4 e6 2. d4 d5 3. e5 c5 4. c3 Nc6 5. Nf3 Qb6 6. Be2 cxd4 7. cxd4 Nge7 8. Na3
Nf5 9. Nc2 Bd7 10. O-O Rc8 11. Bd3 Nb4 12. Nxb4 Bxb4 13. Bxf5 exf5 14. Qb3 Rc4
15. Bg5 h6 16. Bf4 g5 17. e6 fxe6 18. Be5 Rg8 19. Rfc1 Bb5 20. Qd1 g4 21. Nd2
Rc6 22. Nb3 Kf7 23. a3 Be7 24. Nc5 Rgc8 25. Rc3 Bc4 26. b3 Ba6 27. b4 Qb5 28.
Rb3 Bxc5 29. bxc5 Qa5 30. h3 Rg8 31. hxg4 Rxg4 32. Rh3 Rg6 33. Qc1 Qd8 34. Rxh6
Qg8 35. g3 Rxh6 36. Qxh6 Ke8 37. Bd6 Kd7 38. Qf6 Qe8 39. Re1 Bd3 40. Re3 Bc4 41.
g4 fxg4 42. Qg7+ Kc8 43. Qxg4 Rxd6 44. cxd6 Kd7 45. Qf4 Qg6+ 46. Rg3 Qb1+ 47.
Kh2 Qh7+ 48. Rh3 Qg7 49. Qe5 Qf7 50. Kg2 Qg6+ 51. Rg3 Qe4+ 52. Kh3 Qh7+ 53. Kg4
Qf7 54. f4 Qg6+ 55. Qg5 Be2+ 56. Kh3 Qh7+ 57. Kg2 Ba6 58. Rc3 Bc4 59. Re3 Bd3
60. Rxd3 Qxd3 61. Qe7+ Kc6 62. Qc7+ Kb5 63. Qxb7+ Ka5 64. Qxa7+ Kb5 65. Qb7+ Ka5
66. Qc7+ Ka6 67. Qc8+ Kb5 68. Qxe6 Qxd4 69. d7 Qg7+ 70. Kf3 Qc3+ 71. Kg4 Qg7+
72. Kf5 Qh7+ 73. Kf6 Qh6+ 74. Ke7 Qh4+ 75. Qf6 Qh7+ 76. Kd6 Qc2 77. d8=Q Qc6+
78. Ke7 1-0

[Event "25th European Teams Women"]
[Site "Batumi GEO"]
[Date "2025.10.13"]
[Round "8.13"]
[Board "1"]
[White "Zaksaite, Salomeja"]
[Black "Brunello, Marina"]
[Result "0-1"]
[WhiteTitle "WGM"]
[BlackTitle "IM"]
[WhiteElo "2133"]
[BlackElo "2287"]
[WhiteTeam "Lithuania"]
[BlackTeam "Italy"]
[WhiteFideId "12801496"]
[BlackFideId "822590"]
[EventDate "2025.10.05"]

1. e4 c5 2. Nf3 e6 3. d4 cxd4 4. Nxd4 Nc6 5. Nc3 Qc7 6. Be2 a6 7. Be3 Nf6 8. O-O
Be7 9. f4 d6 10. Kh1 O-O 11. Qe1 Bd7 12. Qg3 b5 13. e5 Ne8 14. Nxc6 Bxc6 15. Bd3
Qb7 16. Rae1 b4 17. Nd1 Be4 18. Nf2 Bxd3 19. cxd3 Qd5 20. b3 g6 21. Bd2 dxe5 22.
fxe5 Ng7 23. Ng4 Nf5 24. Nh6+ Kh8 25. Qh3 Rac8 26. Re4 Rc2 27. Nxf5 exf5 28.
Bxb4 Bxb4 29. Rxb4 Qxe5 30. Rh4 h5 31. Rxh5+ gxh5 32. Qxh5+ Kg8 33. h3 Qg3 34.
Rg1 Re8 35. Qxf5 Re1 36. Rxe1 Qxg2# 0-1

[Event "25th European Teams Women"]
[Site "Batumi GEO"]
[Date "2025.10.13"]
[Round "8.13"]
[Board "2"]
[White "Sedina, Elena"]
[Black "Baginskaite, Kamile"]
[Result "1/2-1/2"]
[WhiteTitle "IM"]
[BlackTitle "WGM"]
[WhiteElo "2233"]
[BlackElo "2158"]
[WhiteTeam "Italy"]
[BlackTeam "Lithuania"]
[WhiteFideId "812153"]
[BlackFideId "2014599"]
[EventDate "2025.10.05"]

1. e4 c5 2. Nf3 d6 3. d4 cxd4 4. Qxd4 Nc6 5. Bb5 Bd7 6. Qd3 a6 7. Bxc6 Bxc6 8.
c4 Nf6 9. Nc3 g6 10. O-O Bg7 11. Rd1 O-O 12. Nd4 Rc8 13. h3 Nd7 14. Be3 Ne5 15.
Qe2 Bd7 16. b3 b5 17. f4 Nc6 18. Nxc6 Bxc6 19. Bd4 Bxd4+ 20. Rxd4 Qb6 21. Qf2
bxc4 22. Rxc4 Qxf2+ 23. Kxf2 Bb7 24. Nd5 Bxd5 25. exd5 Rxc4 26. bxc4 Rb8 27. Re1
Rb4 28. Rxe7 Rxc4 29. Rd7 Rxf4+ 30. Ke3 Ra4 31. Rxd6 Rxa2 32. g3 Kf8 33. Rd7 Ke8
34. Ra7 Ra3+ 35. Kf4 Rd3 36. Ra8+ Ke7 37. Ra7+ Ke8 38. Ra8+ 1/2-1/2

[Event "25th European Teams Women"]
[Site "Batumi GEO"]
[Date "2025.10.13"]
[Round "8.13"]
[Board "3"]
[White "Limontaite, Simona"]
[Black "Zimina, Olga"]
[Result "1/2-1/2"]
[WhiteTitle "WIM"]
[BlackTitle "IM"]
[WhiteElo "2151"]
[BlackElo "2274"]
[WhiteTeam "Lithuania"]
[BlackTeam "Italy"]
[WhiteFideId "12802506"]
[BlackFideId "4132190"]
[EventDate "2025.10.05"]

1. d4 d5 2. c4 c6 3. Nc3 Nf6 4. e3 a6 5. Nf3 e6 6. b3 Bb4 7. Bd2 O-O 8. Bd3 Nbd7
9. cxd5 exd5 10. O-O Re8 11. Qc2 h6 12. Rfe1 a5 13. Re2 Nf8 14. Ne5 Ng4 15. Nxg4
Bxg4 16. f3 Bh5 17. Rf1 Qf6 18. Nd1 Bg6 19. Bxb4 Bxd3 20. Qxd3 axb4 21. Nf2 Ne6
22. Rc1 Qe7 23. Rcc2 Nc7 24. Qd2 Nb5 25. Nd3 Nc3 26. Re1 Ra3 27. Nxb4 Qxb4 28.
Qxc3 Qxc3 29. Rxc3 Rxa2 30. Kf1 Rea8 31. Rd3 Rb2 32. Re2 Raa2 33. Rxb2 Rxb2 34.
h4 f5 35. Kg1 Kf7 36. Kh2 g5 37. hxg5 hxg5 38. Kg3 Kg6 39. Kh3 Rc2 40. Kg3 Kh5
41. Kh3 g4+ 42. Kg3 Kg5 43. b4 gxf3 44. gxf3 Rb2 45. Ra3 Rxb4 46. Ra8 f4+ 47.
exf4+ Kf5 48. Rf8+ Ke6 49. Kg4 Rxd4 50. Kg5 Rd3 51. f5+ Ke7 52. Rb8 Rxf3 53.
Rxb7+ Kd6 54. Rb8 d4 55. Rd8+ Ke5 56. Re8+ Kd5 57. f6 c5 58. Rd8+ Kc4 59. Kg6 d3
60. f7 Kc3 61. f8=Q Rxf8 62. Rxf8 Kd4 63. Rd8+ Ke4 64. Re8+ Kf3 65. Rf8+ Ke2 66.
Re8+ Kf3 67. Rf8+ Ke3 68. Re8+ Kd4 69. Rd8+ Ke4 70. Re8+ 1/2-1/2

[Event "25th European Teams Women"]
[Site "Batumi GEO"]
[Date "2025.10.13"]
[Round "8.13"]
[Board "4"]
[White "Gueci, Tea"]
[Black "Simkunaite, Gabija"]
[Result "1-0"]
[WhiteTitle "WIM"]
[BlackTitle "WFM"]
[WhiteElo "2175"]
[BlackElo "2009"]
[WhiteTeam "Italy"]
[BlackTeam "Lithuania"]
[WhiteFideId "872342"]
[BlackFideId "12808253"]
[EventDate "2025.10.05"]

1. e4 e5 2. Nf3 Nf6 3. d4 Nxe4 4. Bd3 d5 5. Nxe5 Nd7 6. Nc3 Nxe5 7. dxe5 Nc5 8.
O-O Nxd3 9. Qxd3 c6 10. Ne2 Be6 11. c3 Bc5 12. Qg3 Qc7 13. b4 Be7 14. Qxg7 O-O-O
15. Qg3 Rdg8 16. Qe3 c5 17. Ba3 Rg4 18. f3 Rc4 19. bxc5 Ra4 20. Bb2 Bxc5 21. Nd4
Qb6 22. Qe2 Bd7 23. Kh1 Re8 24. Rfe1 Kb8 25. Qd2 Bf8 26. Qc2 Rc4 27. Re2 Qh6 28.
Bc1 Qh4 29. g3 Qh5 30. Bf4 Ka8 31. Re3 Rec8 32. Qb2 Bc5 33. Rb1 b6 34. e6 fxe6
35. Be5 Qg6 36. Rd1 Qh6 37. Qe2 Bxd4 38. Bxd4 Qg6 39. Qd3 Qxd3 40. Rdxd3 Ra4 41.
Rd2 b5 42. Re5 Rc7 43. Rg5 Bc8 44. Rb2 a6 45. h4 Rac4 46. h5 Rf7 47. f4 Rf5 48.
Kh2 h6 49. Rxf5 exf5 50. Kh3 Rc7 51. Re2 a5 52. a3 Rc4 53. Rb2 Ba6 54. g4 fxg4+
55. Kxg4 Rc8 56. Kf5 Rf8+ 57. Kg6 Rxf4 58. Kxh6 b4 59. axb4 axb4 60. Rxb4 Bd3
61. Rb8+ Kxb8 62. Be5+ Kc8 63. Bxf4 Be2 64. Kg6 Kd7 65. h6 Ke6 66. h7 Bd3+ 67.
Kg7 Bxh7 68. Kxh7 Kf5 69. Be3 1-0

[Event "25th European Teams Women"]
[Site "Batumi GEO"]
[Date "2025.10.13"]
[Round "8.14"]
[Board "1"]
[White "Ptacnikova, Lenka"]
[Black "De Rycke, Tyani"]
[Result "1/2-1/2"]
[WhiteTitle "WGM"]
[BlackTitle "WFM"]
[WhiteElo "2167"]
[BlackElo "2114"]
[WhiteTeam "Iceland"]
[BlackTeam "Belgium"]
[WhiteFideId "305650"]
[BlackFideId "247936"]
[EventDate "2025.10.05"]

1. e4 c5 2. Nf3 Nc6 3. d4 cxd4 4. Nxd4 Nf6 5. Nc3 e5 6. Ndb5 d6 7. Bg5 a6 8. Na3
b5 9. Nab1 Be7 10. Bxf6 Bxf6 11. a4 b4 12. Nd5 O-O 13. Bc4 Bb7 14. O-O Bg5 15.
Qd3 a5 16. c3 Kh8 17. Rd1 g6 18. Nd2 f5 19. exf5 gxf5 20. f3 Rc8 21. Qe2 bxc3
22. bxc3 Ne7 23. Nxe7 Qxe7 24. Ba6 Rxc3 25. Bxb7 Qxb7 26. Nf1 Qc6 27. Kh1 Rc2
28. Rxd6 Qc3 29. Qe1 e4 30. Qxc3+ Rxc3 31. fxe4 fxe4 32. Re6 Bc1 33. Kg1 e3 34.
Rb1 Bd2 35. Re7 Rfc8 36. Rbb7 h6 37. Rh7+ Kg8 38. Rbg7+ Kf8 39. Rf7+ Kg8 40.
Rhg7+ Kh8 41. Rh7+ 1/2-1/2

[Event "25th European Teams Women"]
[Site "Batumi GEO"]
[Date "2025.10.13"]
[Round "8.14"]
[Board "2"]
[White "Vanduyfhuys, Daria"]
[Black "Johannsdottir, Johanna Bjorg"]
[Result "1-0"]
[WhiteTitle "WFM"]
[BlackTitle "WCM"]
[WhiteElo "2094"]
[BlackElo "1975"]
[WhiteTeam "Belgium"]
[BlackTeam "Iceland"]
[WhiteFideId "246336"]
[BlackFideId "2303108"]
[EventDate "2025.10.05"]

1. d4 Nf6 2. c4 e6 3. Nf3 b6 4. g3 Bb7 5. Bg2 Be7 6. O-O O-O 7. b3 d5 8. Bb2
Nbd7 9. Nbd2 c5 10. e3 Rc8 11. Ne5 Ne8 12. cxd5 exd5 13. Nxd7 Qxd7 14. dxc5 bxc5
15. Rc1 Nf6 16. Qe2 Rfd8 17. Rfd1 Qe6 18. Ba3 Nd7 19. Nb1 Ba6 20. Qe1 Ne5 21.
Rc2 Bd3 22. Rc3 Be4 23. Nd2 Bxg2 24. Kxg2 Bf6 25. Nb1 Qf5 26. Qe2 Nd7 27. Rcc1
d4 28. exd4 cxd4 29. Rxc8 Rxc8 30. Nd2 g6 31. Nc4 Nc5 32. Qf3 Qe6 33. Rd2 Nd7
34. Bb2 Nb6 35. Re2 Qc6 36. Qxc6 Rxc6 37. Nxb6 axb6 38. Rd2 Rd6 39. a4 Be5 40.
Kf3 f5 41. Ke2 Kf7 42. Kd3 Ke6 43. Rc2 f4 44. Rc4 fxg3 45. fxg3 h5 46. Bxd4 h4
47. Ke4 Bxd4 48. Rxd4 Rc6 49. Rb4 h3 50. Kf4 Rc2 51. Rxb6+ Kf7 52. g4 Rxh2 53.
Kg3 Rh1 54. Rb5 h2 55. g5 1-0

[Event "25th European Teams Women"]
[Site "Batumi GEO"]
[Date "2025.10.13"]
[Round "8.14"]
[Board "3"]
[White "Briem, Gudrun Fanney"]
[Black "Goossens, Hanne"]
[Result "1/2-1/2"]
[WhiteTitle "WCM"]
[BlackTitle "WIM"]
[WhiteElo "1981"]
[BlackElo "2091"]
[WhiteTeam "Iceland"]
[BlackTeam "Belgium"]
[WhiteFideId "2317486"]
[BlackFideId "200468"]
[EventDate "2025.10.05"]

1. d4 d5 2. c4 c6 3. cxd5 cxd5 4. Bf4 Nf6 5. e3 Nc6 6. Nc3 a6 7. Be2 Bf5 8. Nf3
e6 9. Qb3 Nh5 10. Be5 Na5 11. Qa4+ Nc6 12. h3 Nf6 13. Rc1 h6 14. a3 Be7 15. Bh2
O-O 16. Qd1 Rc8 17. O-O Na5 18. Ne5 b5 19. b4 Nc4 20. Nxc4 bxc4 21. g4 Bh7 22.
Ra1 Bd6 23. f3 Ra8 24. Rf2 Bxh2+ 25. Rxh2 Qd6 26. Rg2 g5 27. Qe1 Kg7 28. h4 Nd7
29. hxg5 hxg5 30. Qg3 Qxg3 31. Rxg3 Nf6 32. Rd1 Rfe8 33. Kf2 Rec8 34. Rc1 Rd8
35. Rgg1 Ne8 36. Bd1 Nd6 37. Bc2 Bxc2 38. Rxc2 Rdb8 39. Rb1 Nb5 40. Nxb5 Rxb5
41. a4 Rb7 42. Rcb2 Rab8 43. b5 axb5 44. Rxb5 Rxb5 45. Rxb5 Ra8 46. a5 Ra6 47.
e4 Rd6 48. exd5 exd5 49. Rb6 Rd7 50. a6 Re7 51. Rd6 Ra7 52. Ke3 Kf8 53. Rb6 Ke8
54. Kd2 Kd7 55. Kc3 Rc7 56. Rf6 Ke7 57. Rb6 Kd7 58. Kc2 Ra7 59. Kc3 Rc7 1/2-1/2

[Event "25th European Teams Women"]
[Site "Batumi GEO"]
[Date "2025.10.13"]
[Round "8.14"]
[Board "4"]
[White "Vanhuyse, Nele"]
[Black "Helgadottir, Idunn"]
[Result "1-0"]
[WhiteTitle "WFM"]
[BlackTitle "WCM"]
[WhiteElo "2020"]
[BlackElo "1874"]
[WhiteTeam "Belgium"]
[BlackTeam "Iceland"]
[WhiteFideId "228818"]
[BlackFideId "2314118"]
[EventDate "2025.10.05"]

1. e4 d5 2. exd5 Qxd5 3. Nc3 Qd6 4. d4 Nf6 5. g3 c6 6. Bg2 Bf5 7. Nf3 e6 8. a3
h6 9. O-O Be7 10. Re1 O-O 11. Qe2 Qc7 12. Nd1 Re8 13. c4 Nbd7 14. Bf4 Bd6 15.
Bxd6 Qxd6 16. c5 Qc7 17. Ne3 Bh7 18. Nc4 Nd5 19. b4 N7f6 20. Nd6 Re7 21. Ne5 Rf8
22. Qb2 Ne8 23. Nec4 Nef6 24. a4 b6 25. Ne5 bxc5 26. bxc5 Rb8 27. Qe2 Rb4 28.
Qa6 Rb2 29. Nxc6 Rd7 30. Rec1 Rd2 31. Ne5 Re7 32. Nb5 Qb7 33. Qxb7 Rxb7 34. c6
Rb8 35. Nxa7 Rbb2 36. Nc4 Ng4 37. Nxb2 Rxb2 38. Bxd5 1-0

[Event "25th European Teams Women"]
[Site "Batumi GEO"]
[Date "2025.10.13"]
[Round "8.15"]
[Board "1"]
[White "Pipiras, Filipa Fortuna"]
[Black "Efroimski, Marsel"]
[Result "1/2-1/2"]
[WhiteTitle "FM"]
[BlackTitle "IM"]
[WhiteElo "2273"]
[BlackElo "2380"]
[WhiteTeam "Portugal"]
[BlackTeam "Israel"]
[WhiteFideId "1944894"]
[BlackFideId "2810964"]
[EventDate "2025.10.05"]

1. d4 d5 2. c4 e6 3. Nc3 Nf6 4. cxd5 exd5 5. Bg5 Be7 6. e3 h6 7. Bh4 O-O 8. Bd3
Re8 9. h3 c6 10. Bg3 c5 11. Nge2 Nc6 12. dxc5 Bxc5 13. O-O a6 14. Rc1 d4 15.
exd4 Nxd4 16. Nxd4 Bxd4 17. Qf3 Qa5 18. Bc4 Qf5 19. Qxf5 Bxf5 20. Rfd1 Rad8 21.
a4 Bxc3 22. Rxd8 Rxd8 23. bxc3 Ne4 24. Be5 Nd2 25. Ba2 Bxh3 26. Bf4 Be6 27. Bxe6
fxe6 28. Bxd2 Rxd2 29. Rb1 Rd7 30. Rb6 Kf7 31. Kf1 Kf6 32. Ke2 Kf5 33. Ke3 g5
34. c4 Ke5 35. g4 Rf7 36. a5 Rc7 37. Rb4 Rc5 38. Ra4 Kd6 39. f3 Re5+ 40. Kd4 Re1
41. Rb4 Rd1+ 42. Ke3 Kc7 43. Rb6 Rd6 44. Rb3 b6 45. axb6+ Rxb6 46. Ra3 Rc6 47.
Kd4 Kd6 48. Ra5 e5+ 49. Kd3 Ke6 50. Ra3 Kf6 51. Ra5 Ke6 52. Ra3 Rd6+ 53. Ke3 Rb6
54. Ra5 Rc6 55. Kd3 Kd6 56. Rd5+ 1/2-1/2

[Event "25th European Teams Women"]
[Site "Batumi GEO"]
[Date "2025.10.13"]
[Round "8.15"]
[Board "2"]
[White "Klinova, Masha"]
[Black "Silva, Mariana"]
[Result "1/2-1/2"]
[WhiteTitle "IM"]
[BlackTitle "WFM"]
[WhiteElo "2235"]
[BlackElo "2090"]
[WhiteTeam "Israel"]
[BlackTeam "Portugal"]
[WhiteFideId "2802015"]
[BlackFideId "1911899"]
[EventDate "2025.10.05"]

1. e4 c6 2. d4 d5 3. Nc3 dxe4 4. Nxe4 Nf6 5. Nxf6+ exf6 6. c3 Bd6 7. Bd3 O-O 8.
Ne2 Re8 9. O-O Nd7 10. Bf4 Nf8 11. Qd2 Bg4 12. Rfe1 Be7 13. h3 Be6 14. Be3 Bd6
15. Nf4 Bd7 16. Rad1 Rc8 17. c4 f5 18. Ne2 Ng6 19. g3 c5 20. d5 Ne5 21. Kg2 h6
22. f4 Nxd3 23. Qxd3 Qf6 24. Nc3 Qg6 25. Bd2 Qh5 26. Qf3 Qg6 27. Rxe8+ Rxe8 28.
Re1 Rxe1 29. Bxe1 b6 30. Bd2 Qf6 31. Qe3 Kf8 32. Nd1 Ba4 33. Bc3 Qd8 34. b3 Bd7
35. Be5 Be7 36. Nf2 f6 37. Bc3 Bd6 38. Nd3 Kf7 39. Kf2 Kf8 40. a3 Qc7 41. Qd2
Bc8 42. Qe2 Ba6 43. a4 Bc8 44. Qd2 a5 45. Qe3 Qe7 46. Qxe7+ Kxe7 47. Ne1 Bd7 48.
Ng2 Kf7 49. Ne3 Ke7 50. Kf3 h5 51. h4 1/2-1/2

[Event "25th European Teams Women"]
[Site "Batumi GEO"]
[Date "2025.10.13"]
[Round "8.15"]
[Board "3"]
[White "Avelino, Camila Biscaya"]
[Black "Kochavi, Dana"]
[Result "1/2-1/2"]
[WhiteTitle "WFM"]
[BlackTitle "FM"]
[WhiteElo "1942"]
[BlackElo "2168"]
[WhiteTeam "Portugal"]
[BlackTeam "Israel"]
[WhiteFideId "1938975"]
[BlackFideId "2837137"]
[EventDate "2025.10.05"]

1. e4 c6 2. d4 d5 3. e5 Bf5 4. c4 e6 5. Nc3 dxc4 6. Bxc4 Nd7 7. h4 h5 8. Nge2 c5
9. Ng3 cxd4 10. Qxd4 Bc5 11. Qf4 Ne7 12. Nxf5 Nxf5 13. Bd3 g6 14. Bxf5 gxf5 15.
Be3 Qc7 16. O-O Bxe3 17. Qxe3 Qxe5 18. Qf3 Qb8 19. Nb5 Kf8 20. Qc3 Qe5 21. Rac1
Qxc3 22. Rxc3 Ke7 23. Rc7 Rhc8 24. Rxb7 Rcb8 25. Rxb8 Rxb8 26. Nxa7 Rxb2 27. Ra1
Nc5 28. a4 Rb7 29. Nb5 Nxa4 30. Rxa4 Rxb5 31. g3 Kf6 32. Kg2 Rb2 33. Rc4 Rd2 34.
Ra4 Kg7 35. Rb4 e5 36. Rb5 f6 37. Rb4 Rd4 38. Rb3 f4 39. gxf4 Rxf4 40. Kg3 Rg4+
41. Kh3 Kg6 42. f3 Rg1 43. Kh2 Rc1 44. Kg3 Rc2 45. Ra3 Rb2 46. Rc3 Rb6 47. Ra3
Rc6 48. Rb3 Ra6 49. Rc3 f5 50. Rb3 Ra2 51. Rb6+ Kf7 52. Rh6 f4+ 53. Kh3 Rf2 54.
Rf6+ Ke7 55. Re6+ Kd7 56. Rd6+ Ke7 57. Re6+ Kd7 58. Rd6+ Ke7 1/2-1/2

[Event "25th European Teams Women"]
[Site "Batumi GEO"]
[Date "2025.10.13"]
[Round "8.15"]
[Board "4"]
[White "Tashkinova, Sofiia"]
[Black "Almeida, Marta Dias"]
[Result "1-0"]
[WhiteTitle "WFM"]
[BlackTitle "WCM"]
[WhiteElo "2036"]
[BlackElo "1925"]
[WhiteTeam "Israel"]
[BlackTeam "Portugal"]
[WhiteFideId "14188309"]
[BlackFideId "1956060"]
[EventDate "2025.10.05"]

1. e4 c6 2. d4 d5 3. Nc3 dxe4 4. Nxe4 Nd7 5. Bc4 Ngf6 6. Ng5 e6 7. Qe2 Nb6 8.
Bd3 h6 9. N5f3 c5 10. dxc5 Bxc5 11. Ne5 Nbd7 12. Ngf3 O-O 13. Bf4 Nxe5 14. Bxe5
Qe7 15. h3 Bd6 16. g4 Bxe5 17. Nxe5 Nd5 18. O-O-O Nf4 19. Qe4 Nxd3+ 20. Rxd3 a5
21. h4 Rd8 22. Rxd8+ Qxd8 23. c4 Ra6 24. g5 hxg5 25. hxg5 Qxg5+ 26. f4 Qf5 27.
Qd4 Qf6 28. Rd1 Kh7 29. Qe4+ g6 30. Ng4 Qf5 31. Qh1+ Kg7 32. Qh6+ 1-0